[Event "Stay Safe Play From Home 141"]
[Site "T#645952Emanuel Laske"]
[Date "2020.05.11"]
[Round "2"]
[White "Timbre"]
[Black "Patzeroglu"]
[Result "0-1"]
[WhiteElo "1614"]
[BlackElo "1768"]
[Annotator "NA RC"]
[PlyCount "108"]
[EventDate "2020.05.11"]
[EventType "swiss (blitz)"]

1. d4 {[%emt 0:00:04]} Nf6 {[%emt 0:00:02]} 2. Nf3 {[%emt 0:00:01]} e6 {[%emt 0:00:01]} 3. c3 {[%emt 0:00:01]} d5 {[%emt 0:00:02]} 4. Bg5 {[%emt 0:00:01]} Be7 {[%emt 0:00:01]} 5. Bxf6 {[%emt 0:00:02]} Bxf6 {[%emt 0:00:02]} 6. e3 {[%emt 0:00:01]} Nd7 {[%emt 0:00:00]} 7. Bd3 {[%emt 0:00:01]} O-O {[%emt 0:00:00]} 8. Nbd2 {[%emt 0:00:01]} c5 {[%emt 0:00:08]} 9. Qe2 {[%emt 0:00:01]} b6 {[%emt 0:00:07]} 10. e4 {[%emt 0:00:01]} cxd4 {[%emt 0:00:02]} 11. cxd4 {[%emt 0:00:02]} dxe4 {[%emt 0:00:01]} 12. Nxe4 {[%emt 0:00:02]} Bb7 {[%emt 0:00:01]} 13. Nd6 {[%emt 0:00:03]} Bd5 {[%emt 0:00:04]} 14. a3 {[%emt 0:00:09]} Qc7 {[%emt 0:00:33]} 15. Ne4 {[%emt 0:00:02]} Rac8 {[%emt 0:00:05]} 16. O-O {[%emt 0:00:02]} Qf4 {[%emt 0:00:09]} 17. Nxf6+ {[%emt 0:00:05]} Nxf6 {[%emt 0:00:03]} 18. Rac1 {[%emt 0:00:05]} Bxf3 {[%emt 0:00:02]} 19. Qxf3 {[%emt 0:00:03]} Qxc1 {[%emt 0:00:04]} 20. Rxc1 {[%emt 0:00:03]} Rxc1+ {[%emt 0:00:00]} 21. Bf1 {[%emt 0:00:01]} Nd5 {[%emt 0:00:04]} 22. g3 {[%emt 0:00:03]} Rfc8 {[%emt 0:00:02]} 23. Kg2 {[%emt 0:00:03]} g6 {[%emt 0:00:04]} 24. Ba6 {[%emt 0:00:04]} R8c2 {[%emt 0:00:02]} 25. Bb7 {[%emt 0:00:02]} Rxb2 {[%emt 0:00:02]} 26. Bxd5 {[%emt 0:00:03]} exd5 {[%emt 0:00:00]} 27. Qxd5 {[%emt 0:00:01]} Rcc2 {[%emt 0:00:01]} 28. Qf3 {[%emt 0:00:09]} Rd2 {[%emt 0:00:03]} 29. Qf4 {[%emt 0:00:02]} h5 {[%emt 0:00:09]} 30. Qb8+ {[%emt 0:00:02]} Kg7 {[%emt 0:00:02]} 31. Qe5+ {[%emt 0:00:02]} Kf8 {[%emt 0:00:01]} 32. Qh8+ {[%emt 0:00:02]} Ke7 {[%emt 0:00:01]} 33. Qe5+ {[%emt 0:00:01]} Kd7 {[%emt 0:00:01]} 34. Qd5+ {[%emt 0:00:01]} Ke8 {[%emt 0:00:02]} 35. Qe5+ {[%emt 0:00:02]} Kf8 {[%emt 0:00:00]} 36. Qh8+ {[%emt 0:00:02]} Ke7 {[%emt 0:00:01]} 37. Qe5+ {[%emt 0:00:01]} Kd7 {[%emt 0:00:01]} 38. Qd5+ {[%emt 0:00:01]} Ke8 {[%emt 0:00:03]} 39. Qe5+ {[%emt 0:00:01]} Kd8 {[%emt 0:00:04]} 40. Qd5+ {[%emt 0:00:01]} Kc8 {[%emt 0:00:01]} 41. Qxf7 {[%emt 0:00:02]} Kb8 {[%emt 0:00:05]} 42. Qf8+ {[%emt 0:00:04]} Kb7 {[%emt 0:00:02]} 43. Qf7+ {[%emt 0:00:01]} Ka6 {[%emt 0:00:02]} 44. Qf3 {[%emt 0:00:06]} Rxd4 {[%emt 0:00:04]} 45. Qf6 {[%emt 0:00:07]} Rdd2 {[%emt 0:00:01]} 46. Qf4 {[%emt 0:00:03]} Rxf2+ {[%emt 0:00:01]} 47. Qxf2 {[%emt 0:00:02]} Rxf2+ {[%emt 0:00:00]} 48. Kxf2 {[%emt 0:00:01]} Kb5 {[%emt 0:00:00]} 49. Kf3 {[%emt 0:00:01]} Ka4 {[%emt 0:00:00]} 50. Kf4 {[%emt 0:00:01]} Kxa3 {[%emt 0:00:00]} 51. Kg5 {[%emt 0:00:01]} b5 {[%emt 0:00:00]} 52. Kxg6 {[%emt 0:00:01]} b4 {[%emt 0:00:00]} 53. Kxh5 {[%emt 0:00:01]} b3 {[%emt 0:00:00]} 54. g4 {[%emt 0:00:00]} b2 {[%emt 0:00:00] Timbre resigns (Lag: Av=0.93s, max=2.1s)} 0-1

[Event "Stay Safe Play From Home 141"]
[Site "T#645952Emanuel Laske"]
[Date "2020.05.11"]
[Round "2"]
[White "CastlingArrocco"]
[Black "Little champs"]
[Result "1-0"]
[WhiteElo "1579"]
[BlackElo "2266"]
[Annotator "RC"]
[PlyCount "83"]
[EventDate "2020.05.11"]
[EventType "swiss (blitz)"]

1. c4 {[%emt 0:00:04]} d6 {[%emt 0:00:02]} 2. g3 {[%emt 0:00:02]} Nf6 {[%emt 0:00:00]} 3. Bg2 {[%emt 0:00:01]} c6 {[%emt 0:00:00]} 4. Nc3 {[%emt 0:00:01]} e5 {[%emt 0:00:01]} 5. e4 {[%emt 0:00:01]} Be7 {[%emt 0:00:01]} 6. d3 {[%emt 0:00:01]} O-O {[%emt 0:00:01]} 7. Nf3 {[%emt 0:00:02]} Ne8 {[%emt 0:00:01]} 8. Be3 {[%emt 0:00:03]} f5 {[%emt 0:00:00]} 9. exf5 {[%emt 0:00:01]} Bxf5 {[%emt 0:00:01]} 10. O-O {[%emt 0:00:01]} Bg4 {[%emt 0:00:01]} 11. h3 {[%emt 0:00:01]} Bh5 {[%emt 0:00:01]} 12. g4 {[%emt 0:00:01]} Bg6 {[%emt 0:00:01]} 13. Nd2 {[%emt 0:00:03]} Bg5 {[%emt 0:00:03]} 14. Qe2 {[%emt 0:00:02]} Nd7 {[%emt 0:00:02]} 15. Nde4 {[%emt 0:00:03]} Bh4 {[%emt 0:00:03]} 16. b4 {[%emt 0:00:03]} Qe7 {[%emt 0:00:03]} 17. b5 {[%emt 0:00:01]} Nef6 {[%emt 0:00:02]} 18. Nxf6+ {[%emt 0:00:01]} Nxf6 {[%emt 0:00:04]} 19. Ne4 {[%emt 0:00:02]} Nxe4 {[%emt 0:00:01]} 20. dxe4 {[%emt 0:00:03]} cxb5 {[%emt 0:00:02]} 21. cxb5 {[%emt 0:00:01]} Kh8 {[%emt 0:00:03]} 22. Rac1 {[%emt 0:00:07]} a6 {[%emt 0:00:04]} 23. a4 {[%emt 0:00:02]} axb5 {[%emt 0:00:01]} 24. axb5 {[%emt 0:00:01]} Ra4 {[%emt 0:00:01]} 25. Qc2 {[%emt 0:00:14]} Re8 {[%emt 0:00:10]} 26. Qxa4 {[%emt 0:00:04]} Bg5 {[%emt 0:00:02] Little champs offers a draw} 27. Bxg5 {[%emt 0:00:05]} Qxg5 {[%emt 0:00:01]} 28. b6 {[%emt 0:00:10]} h5 {[%emt 0:00:03]} 29. Qd1 {[%emt 0:00:02]} Rf8 {[%emt 0:00:06]} 30. Rc7 {[%emt 0:00:03]} Rf4 {[%emt 0:00:01]} 31. f3 {[%emt 0:00:07]} hxg4 {[%emt 0:00:03]} 32. hxg4 {[%emt 0:00:01]} Qd8 {[%emt 0:00:39]} 33. Qc1 {[%emt 0:00:07]} Kh7 {[%emt 0:00:03]} 34. Kf2 {[%emt 0:00:03]} Qh4+ {[%emt 0:00:13]} 35. Ke2 {[%emt 0:00:01]} Rxe4+ {[%emt 0:00:01]} 36. fxe4 {[%emt 0:00:05]} Qxg4+ {[%emt 0:00:02]} 37. Bf3 {[%emt 0:00:01]} Qg3 {[%emt 0:00:09]} 38. Rh1+ {[%emt 0:00:01]} Kg8 {[%emt 0:00:01]} 39. Rc8+ {[%emt 0:00:01]} Kf7 {[%emt 0:00:00]} 40. Qc7+ {[%emt 0:00:02]} Kf6 {[%emt 0:00:00]} 41. Rf8+ {[%emt 0:00:01]} Kg5 {[%emt 0:00:01]} 42. Qe7# {[%emt 0:00:01] (Lag: Av=0.65s, max=2.5s)} 1-0

[Event "Stay Safe Play From Home 141"]
[Site "T#645952Emanuel Laske"]
[Date "2020.05.11"]
[Round "2"]
[White "Inflames"]
[Black "Spouyu"]
[Result "0-1"]
[WhiteElo "1197"]
[BlackElo "1789"]
[Annotator "NA RC"]
[PlyCount "44"]
[EventDate "2020.05.11"]
[EventType "swiss (blitz)"]

1. d4 {[%emt 0:00:01]} Nf6 {[%emt 0:00:02]} 2. e3 {[%emt 0:00:00]} e6 {[%emt 0:00:02]} 3. Nf3 {[%emt 0:00:00]} c5 {[%emt 0:00:03]} 4. dxc5 {[%emt 0:00:01]} Bxc5 {[%emt 0:00:01]} 5. Bd3 {[%emt 0:00:02]} O-O {[%emt 0:00:01]} 6. O-O {[%emt 0:00:02]} Nc6 {[%emt 0:00:01]} 7. Nc3 {[%emt 0:00:01]} d5 {[%emt 0:00:05]} 8. Nb5 {[%emt 0:00:08]} a6 {[%emt 0:00:02]} 9. Nc3 {[%emt 0:00:03]} e5 {[%emt 0:00:01]} 10. Be2 {[%emt 0:00:13]} Bf5 {[%emt 0:00:08]} 11. Nh4 {[%emt 0:00:09]} Be6 {[%emt 0:00:08]} 12. Bf3 {[%emt 0:00:06]} Rc8 {[%emt 0:00:23]} 13. e4 {[%emt 0:00:05]} dxe4 {[%emt 0:00:10]} 14. Nxe4 {[%emt 0:00:04]} Nxe4 {[%emt 0:00:02]} 15. Bxe4 {[%emt 0:00:02]} Qxh4 {[%emt 0:00:02]} 16. g3 {[%emt 0:00:14]} Qxe4 {[%emt 0:00:11]} 17. Be3 {[%emt 0:00:14]} Bxe3 {[%emt 0:00:03]} 18. fxe3 {[%emt 0:00:02]} Qxe3+ {[%emt 0:00:01]} 19. Kh1 {[%emt 0:00:04]} Rcd8 {[%emt 0:00:02]} 20. Qf3 {[%emt 0:00:02]} Bd5 {[%emt 0:00:02]} 21. Rae1 {[%emt 0:00:04]} Bxf3+ {[%emt 0:00:02]} 22. Rxf3 {[%emt 0:00:02]} Qxf3+ {[%emt 0:00:00] Inflames terk eder (Lag: Av=0.46s, max=1.0s)} 0-1

[Event "Stay Safe Play From Home 141"]
[Site "T#645952Emanuel Laske"]
[Date "2020.05.11"]
[Round "2"]
[White "Mandy"]
[Black "Lucknow"]
[Result "0-1"]
[WhiteElo "967"]
[BlackElo "1835"]
[Annotator "NA RC"]
[PlyCount "44"]
[EventDate "2020.05.11"]
[EventType "swiss (blitz)"]

1. d4 {[%emt 0:00:05]} Nf6 {[%emt 0:00:02]} 2. Bf4 {[%emt 0:00:01]} d6 {[%emt 0:00:03]} 3. e3 {[%emt 0:00:01]} g6 {[%emt 0:00:04]} 4. Nf3 {[%emt 0:00:00]} Bg7 {[%emt 0:00:01]} 5. h3 {[%emt 0:00:04]} O-O {[%emt 0:00:01]} 6. Bd3 {[%emt 0:00:03]} c5 {[%emt 0:00:01]} 7. c3 {[%emt 0:00:02]} a6 {[%emt 0:00:05]} 8. O-O {[%emt 0:00:06]} b5 {[%emt 0:00:01]} 9. Nbd2 {[%emt 0:00:06]} Bb7 {[%emt 0:00:01]} 10. Qe2 {[%emt 0:00:09]} Nc6 {[%emt 0:00:08]} 11. Rad1 {[%emt 0:00:12]} Re8 {[%emt 0:00:08]} 12. e4 {[%emt 0:00:12]} cxd4 {[%emt 0:00:06]} 13. cxd4 {[%emt 0:00:07]} e5 {[%emt 0:00:01]} 14. Bg5 {[%emt 0:00:14]} exd4 {[%emt 0:00:08]} 15. Bxf6 {[%emt 0:00:11]} Bxf6 {[%emt 0:00:11]} 16. e5 {[%emt 0:00:22]} dxe5 {[%emt 0:00:08]} 17. Ne4 {[%emt 0:00:12]} Bg7 {[%emt 0:00:02]} 18. Nc5 {[%emt 0:00:26]} Qe7 {[%emt 0:00:01]} 19. Nxb7 {[%emt 0:00:03]} Qxb7 {[%emt 0:00:00]} 20. Be4 {[%emt 0:00:07]} Rac8 {[%emt 0:00:03]} 21. Bxc6 {[%emt 0:00:10]} Rxc6 {[%emt 0:00:02]} 22. b3 {[%emt 0:00:06]} Qc7 {[%emt 0:00:02] Zeit (Lag: Av=0.40s, max=1.0s)} 0-1

[Event "Stay Safe Play From Home 141"]
[Site "T#645952Emanuel Laske"]
[Date "2020.05.11"]
[Round "3"]
[White "Indianquant"]
[Black "Lazieri3"]
[Result "0-1"]
[WhiteElo "2233"]
[BlackElo "2078"]
[Annotator "TA"]
[PlyCount "96"]
[EventDate "2020.05.11"]
[EventType "swiss (blitz)"]

{[%evp 13,96,18,61,31,54,43,42,18,77,79,77,41,47,35,146,137,185,164,211,187,286,297,293,283,275,287,306,213,202,177,175,173,191,193,187,183,190,181,307,304,386,278,270,217,233,177,159,142,168,126,126,116,153,152,293,289,272,255,393,309,272,168,162,0,0,-557,-536,-755,-757,-685,-670,-792,-599,-580,-596,-877,-867,-1579,-1552,-29976,-29978,-29996,-29996,-29997,-29998]} 1. Nf3 c6 2. c4 d5 3. d4 Nf6 4. e3 Bf5 5. Nc3 e6 6. Nh4 Bg4 7. Qb3 Qb6 8. h3 {D12: Slav Defence: 3 Nf3 Nf6 4 e3 Bf5.} Qxb3 9. axb3 Bh5 {[#]} 10. Bd3 $146 {White is slightly better.} ({Predecessor:} 10. g4 Bg6 11. g5 Ng8 12. Nxg6 hxg6 13. e4 dxe4 14. Nxe4 Bb4+ 15. Bd2 Bxd2+ 16. Kxd2 {½-½ (37) Kireev,V (2210)-Shchebenyuk,M (2158) ICCF email 2016}) 10... Bg6 (10... Na6 $11) 11. Nxg6 $16 hxg6 12. Bd2 Nbd7 13. Ke2 Bd6 {[#]} (13... a6 $14) 14. c5 $1 {[%cal Rc5d6]} Bc7 {[#]} 15. b4 $1 Ke7 16. b5 cxb5 (16... a6 $142) 17. Nxb5 $18 {[%mdl 64] Double Attack} Bb8 18. Bb4 {c6+ is the strong threat.} Kd8 19. Rhc1 a6 20. Ba5+ Ke7 21. Nc7 Bxc7 22. Bxc7 Rhc8 23. Bd6+ Kd8 24. b4 {[%cal Bb2b4,Bb4b5][%mdl 32]} Ne8 25. Bg3 Nb8 (25... Nc7 {might work better.} 26. c6 bxc6 27. Rxc6 Nf6) 26. b5 Nd7 27. c6 bxc6 28. bxa6 c5 {Now ...c4 and Black clings on.} 29. dxc5 Rxc5 30. Rcb1 e5 31. Bb5 f6 32. f4 Nd6 33. Bxd7 $1 exf4 (33... Kxd7 $16 {was necessary.} 34. fxe5 Ne4) 34. Bxf4 Kxd7 35. Rb6 Ne4 (35... Rc6 {was called for.} 36. Rb7+ Ke6) 36. Rb7+ Kc6 37. Rc7+ Kb6 38. Rb1+ $2 (38. Re7 $18) 38... Kxa6 $11 {Hoping for ...Rxc7.} 39. Rxg7 $2 {[%mdl 8192]} (39. Ra1+ $11 {and White stays safe.} Ra5 40. Rxa5+ Kxa5 41. h4) 39... Nc3+ $19 {[%mdl 64] Double Attack} 40. Kd3 {Strongly threatening Ra1+.} Nxb1 41. Rxg6 Rc6 42. Be5 fxe5 43. Rxc6+ {[%mdl 4096] Endgame KRN-KR} Kb5 44. Rc1 Ra3+ 45. Kc2 Nc3 46. Kb2 Kb4 {[%csl Gc3][%cal Ra3a2] Black mates.} 47. Rf1 Ra2+ 48. Kc1 Kb3 {Accuracy: White = 43%, Black = 53%.} 0-1

[Event "Stay Safe Play From Home 141"]
[Site "T#645952Emanuel Laske"]
[Date "2020.05.11"]
[Round "3"]
[White "Lamborghini"]
[Black "CastlingArrocco"]
[Result "1-0"]
[WhiteElo "2223"]
[BlackElo "1613"]
[Annotator "TA"]
[PlyCount "43"]
[EventDate "2020.05.11"]
[EventType "swiss (blitz)"]

{[%evp 10,43,34,34,64,45,39,5,25,17,37,21,105,14,37,19,45,41,64,98,285,265,298,291,443,426,1066,1047,943,750,29990,3087,2743,2720,2399,1222]} 1. e4 g6 2. d4 Bg7 3. Nc3 d6 4. Be3 a6 5. Qd2 b5 6. O-O-O Bb7 {B06: Modern Defence.} 7. f3 Nd7 8. h4 h5 {The position is equal.} 9. Nh3 c5 10. Ng5 {White wants to play dxc5.} b4 {[#]} (10... Bxd4 $11 {keeps the balance.} 11. Bxd4 cxd4 12. Qxd4 Ngf6) 11. Nd5 $146 (11. Ne2 $16) ({Predecessor:} 11. Ne2 Ngf6 12. dxc5 dxc5 13. Nf4 Qa5 14. Kb1 {½-½ (14) Maugg,L (1982)-Braeu,L (1866) Immenstadt 2009}) 11... Bxd5 $1 $11 12. exd5 Ngf6 13. dxc5 dxc5 14. d6 $36 {[%mdl 2048] Threatens to win with dxe7. White is in control.} e5 $2 {Black cannot hold the game after this.} (14... O-O $16 {might work better.}) 15. Bc4 $18 O-O {[#]} 16. g4 $1 {[%mdl 512]} hxg4 {[#]} (16... e4 $142 17. gxh5 gxh5 18. fxe4 Ne5) 17. h5 $1 {[%mdl 576] Deflection} Nxh5 (17... gxh5 $142 18. fxg4 {[%mdl 64] Overworked Piece} Nxg4 19. Rxh5 Ndf6) 18. fxg4 Nf4 19. Nxf7 Qf6 20. Ng5+ (20. Nh6+ $142 Kh7 21. Bxf4 Qg5 22. Bxg5 Rf7 23. Nxf7+ Bh6 {[#]} 24. Qh2 $1 {[%mdl 576] Double Attack} Kg8 25. Qxh6 Nf8 26. Qh8#) 20... Rf7 21. Bxf7+ Kf8 22. Nh7+ {Accuracy: White = 68%, Black = 40%.} 1-0

[Event "Stay Safe Play From Home 141"]
[Site "T#645952Emanuel Laske"]
[Date "2020.05.11"]
[Round "3"]
[White "Schachidiot"]
[Black "Little champs"]
[Result "1-0"]
[WhiteElo "1904"]
[BlackElo "2233"]
[Annotator "TA"]
[PlyCount "149"]
[EventDate "2020.05.11"]
[EventType "swiss (blitz)"]

{[%evp 11,149,23,70,70,54,56,77,52,58,62,72,31,52,32,40,0,0,3,22,0,81,87,114,105,104,124,110,107,107,84,82,65,89,0,148,118,243,243,351,320,252,158,167,38,31,29,184,79,72,75,213,96,253,0,243,243,558,547,729,436,1066,972,1024,987,909,755,741,727,694,322,329,290,339,282,300,273,270,227,337,197,274,167,158,118,241,239,235,224,235,199,261,261,291,237,227,225,279,245,242,253,270,231,242,259,262,246,260,192,223,175,341,315,312,322,295,284,273,270,510,73,238,69,68,28,1843,29961,8077,6793,29979,6845,29978,5695,29969,1022,954,935,29983,5072,1187,572]} 1. e4 c5 2. Nf3 d6 3. c3 Nc6 4. d4 cxd4 5. cxd4 Nf6 6. Nc3 e6 7. d5 {B22: Sicilian: 2 c3.} exd5 8. exd5 Nb8 9. Bb5+ {White is better.} Bd7 10. O-O Be7 11. Bf4 O-O {[#]} 12. Rc1 $146 ({Predecessor:} 12. h3 Qa5 13. Bd3 Na6 14. a3 b5 15. b4 Qb6 16. Qe2 Rfe8 17. Bxb5 Bxb5 18. Qxb5 Qxb5 19. Nxb5 Nxd5 20. Bxd6 Bxd6 21. Nxd6 {½-½ (24) Platz,T-Schimmer,K (2140) Werther 1997}) 12... a6 13. Bxd7 Nbxd7 14. Re1 Rc8 15. Nd4 Re8 (15... g6 $1 $11 {remains equal.}) 16. Nf5 $1 $36 {[%mdl 2048] Keeping Black busy.} Nb6 17. Bg5 {Bxf6 is the strong threat.} Qd7 18. Nxe7+ Rxe7 19. Bxf6 gxf6 20. Rxe7 Qxe7 21. Qg4+ Kh8 22. h4 (22. Rf1 $16) 22... Rg8 (22... Rc4 $11 {keeps the balance.} 23. Qd1 Rxh4) 23. Qf3 Nd7 (23... Rc8 $16) 24. Ne4 $18 Qe5 (24... Re8 $142) 25. Rc7 Rd8 26. Nc3 ({Resist} 26. Rxb7 $6 Qxd5 27. Ra7 f5 $16) 26... b5 27. Qg4 ({Better is} 27. Nd1 $18) 27... f5 $1 $14 28. Qg5 f6 $2 (28... Nf6 $11 {and Black stays safe.} 29. Ne2 (29. Rxf7 $2 Qe1+ 30. Kh2 Ng4+ {[%mdl 64] Double Attack} 31. Kg3 Rg8 $19) 29... Rg8) 29. Qe3 (29. Qh6 $18 {and White stays clearly on top. White wants to mate with Rxd7!} Qe8 30. Ne2) 29... Qxe3 $16 30. fxe3 {[%mdl 4096] Endgame KRN-KRN} Kg7 (30... Ne5 $16) 31. Rc6 (31. Ne2 $18 Kg8 32. Nd4) 31... Nb8 $2 (31... Nc5 $16) 32. Rc7+ $2 (32. Rb6 $18) 32... Kg6 $2 (32... Nd7 $11 {and Black has nothing to worry.}) 33. Ne2 $18 f4 $2 (33... Rd7 34. Nf4+ Kg7) 34. Nxf4+ Kf5 35. Rxh7 Ke4 (35... Rd7 $142) 36. Re7+ Kf5 37. h5 Nd7 38. h6 Ne5 39. h7 Rh8 40. Kf2 (40. Rg7 $142 a5 41. Nh5) 40... Kg5 41. Ne6+ Kg6 42. Nc7 Nf7 43. Nxa6 Rxh7 44. Nc7 b4 (44... Rh1 {might work better.} 45. Ne8 Rb1) 45. Na6 (45. Ne8 $142) 45... Rh4 (45... b3 $142 46. axb3 Rh1) 46. Rb7 Ne5 47. Kg3 ({Stronger than} 47. Nxb4 Rxb4 48. Rxb4 Nd3+ 49. Kf3 Nxb4 $11) 47... Rh1 (47... Rg4+ $16 {was called for.} 48. Kf2 Kf5) 48. Rxb4 Re1 49. Rb3 Ra1 50. a3 Kf5 (50... Nc4 $142 51. Nc7 f5) 51. Nc7 Ke4 52. Ne6 Kxd5 53. Nf4+ Kc6 54. Nh5 Nd7 55. Rc3+ Kd5 56. Rd3+ Ke6 57. Nf4+ Ke7 58. Nd5+ Kf7 59. Nc7 Ne5 60. Rxd6 Rb1 $2 (60... Nc4 61. Ra6 Nxb2) 61. Rb6 Nc4 62. Rb7 Kg6 63. Nd5 Nxa3 64. Nf4+ Kf5 $2 {[#]} (64... Kh6 65. e4 Nc4) 65. Ra7 $2 (65. e4+ $1 $18 Kxe4 66. Rb4+ Ke5 67. bxa3) 65... Nc2 $2 (65... Nc4 $16) 66. Ra5+ $2 (66. Kf3 $1 $18 {[%cal Ra7a5]} Kg5 67. Rg7+ Kh6 68. Rg6+ Kh7 69. Rxf6) 66... Ke4 $14 67. Ne2 {And now Nc3+ would win.} (67. Ra4+ {looks sharper.} Kxe3 68. Nd5+ Kd3 69. Nxf6 Rxb2 70. Kf4) 67... Nxe3 $2 {[%mdl 8192]} (67... Rxb2 $11 68. Nc3+ Kd3) 68. Nc3+ $18 {[%mdl 64] Double Attack} Kd4 69. Nxb1 Nd5 {[#]} 70. Ra3 (70. Rxd5+ $142 $1 Kxd5 71. Kf4 Ke6 72. g4 Kf7 73. Kf5 Kg7 74. Nc3 Kf7 75. Nd5) 70... Nb4 71. Rf3 (71. Ra4 $142 Kc5 {[#]} 72. Rxb4 $1 {[%mdl 512]} Kxb4 73. Kf4 Kc5 74. Kf5 Kd4 75. Kxf6 Kc4 76. Nd2+ Kd4 77. Nb1) 71... Nd5 72. Rxf6 (72. Nc3 $142 Nb6 73. Rxf6 Na8 74. Rd6+ Kc5 75. Ne4+ Kb4 76. Kf4 Nc7 77. g4) 72... Nxf6 73. Nc3 Ne4+ 74. Kf4 (74. Nxe4 $142 Kxe4 75. b4 Kf5 76. Kf3 Ke5 77. g4 Kd6 78. Ke4 Kd7 79. g5) 74... Nd2 75. Ne2+ {Accuracy: White = 43%, Black = 37%.} (75. g4 $142) 1-0

[Event "Stay Safe Play From Home 141"]
[Site "T#645952Emanuel Laske"]
[Date "2020.05.11"]
[Round "3"]
[White "Haris kollari 13"]
[Black "Patzeroglu"]
[Result "1-0"]
[WhiteElo "1873"]
[BlackElo "1778"]
[Annotator "NA RC"]
[PlyCount "49"]
[EventDate "2020.05.11"]
[EventType "swiss (blitz)"]

1. e4 {[%emt 0:00:01]} c5 {[%emt 0:00:00]} 2. Nf3 {[%emt 0:00:01]} Nf6 {[%emt 0:00:00]} 3. Nc3 {[%emt 0:00:02]} d5 {[%emt 0:00:30]} 4. e5 {[%emt 0:00:01]} Ne4 {[%emt 0:00:05]} 5. d3 {[%emt 0:00:04]} Nxc3 {[%emt 0:00:04]} 6. bxc3 {[%emt 0:00:01]} Nc6 {[%emt 0:00:00]} 7. d4 {[%emt 0:00:07]} Bg4 {[%emt 0:00:01]} 8. Be2 {[%emt 0:00:02]} e6 {[%emt 0:00:04]} 9. O-O {[%emt 0:00:03]} Be7 {[%emt 0:00:04]} 10. Be3 {[%emt 0:00:01]} Qa5 {[%emt 0:00:02]} 11. Qd2 {[%emt 0:00:07]} Bxf3 {[%emt 0:00:03]} 12. Bxf3 {[%emt 0:00:02]} cxd4 {[%emt 0:00:01]} 13. cxd4 {[%emt 0:00:04]} Qxd2 {[%emt 0:00:02]} 14. Bxd2 {[%emt 0:00:01]} Nxd4 {[%emt 0:00:00]} 15. Bd1 {[%emt 0:00:01]} O-O {[%emt 0:00:06]} 16. Be3 {[%emt 0:00:03]} Nc6 {[%emt 0:00:02]} 17. Rb1 {[%emt 0:00:03]} b6 {[%emt 0:00:02]} 18. f4 {[%emt 0:00:01]} Rac8 {[%emt 0:00:02]} 19. Be2 {[%emt 0:00:02]} Rc7 {[%emt 0:00:01]} 20. Bd3 {[%emt 0:00:02]} Nb4 {[%emt 0:00:07]} 21. Rfc1 {[%emt 0:00:09]} Nxd3 {[%emt 0:00:07]} 22. cxd3 {[%emt 0:00:01]} Rfc8 {[%emt 0:00:00]} 23. Kf2 {[%emt 0:00:06]} Rxc1 {[%emt 0:00:02]} 24. Rxc1 {[%emt 0:00:01]} Rc7 {[%emt 0:00:00]} 25. Rxc7 {[%emt 0:00:02] Zeit '} 1-0

[Event "Stay Safe Play From Home 141"]
[Site "T#645952Emanuel Laske"]
[Date "2020.05.11"]
[Round "3"]
[White "Lucknow"]
[Black "Edmatuag"]
[Result "1-0"]
[WhiteElo "1835"]
[BlackElo "1753"]
[Annotator "NA RC"]
[PlyCount "73"]
[EventDate "2020.05.11"]
[EventType "swiss (blitz)"]

1. d4 {[%emt 0:00:04]} c6 {[%emt 0:00:02]} 2. c4 {[%emt 0:00:01]} Nf6 {[%emt 0:00:01]} 3. Nc3 {[%emt 0:00:01]} d5 {[%emt 0:00:01]} 4. Nf3 {[%emt 0:00:02]} e6 {[%emt 0:00:01]} 5. e3 {[%emt 0:00:01]} Bd6 {[%emt 0:00:02]} 6. Bd3 {[%emt 0:00:01]} O-O {[%emt 0:00:01]} 7. O-O {[%emt 0:00:01]} Re8 {[%emt 0:00:01]} 8. e4 {[%emt 0:00:01]} dxe4 {[%emt 0:00:02]} 9. Nxe4 {[%emt 0:00:00]} Nxe4 {[%emt 0:00:01]} 10. Bxe4 {[%emt 0:00:00]} Nd7 {[%emt 0:00:01]} 11. Bc2 {[%emt 0:00:04]} Nf8 {[%emt 0:00:03]} 12. Qe2 {[%emt 0:00:04]} h6 {[%emt 0:00:06]} 13. Rd1 {[%emt 0:00:01]} Qf6 {[%emt 0:00:02]} 14. Ne5 {[%emt 0:00:03]} Bd7 {[%emt 0:00:21]} 15. Qe4 {[%emt 0:00:10]} Rad8 {[%emt 0:00:04]} 16. Bf4 {[%emt 0:00:17]} Bc8 {[%emt 0:00:19]} 17. Rd2 {[%emt 0:00:19]} c5 {[%emt 0:00:51]} 18. dxc5 {[%emt 0:00:14]} Bxc5 {[%emt 0:00:04]} 19. Rad1 {[%emt 0:00:02]} Rxd2 {[%emt 0:00:24]} 20. Rxd2 {[%emt 0:00:00]} Rd8 {[%emt 0:00:02]} 21. Rxd8 {[%emt 0:00:33]} Qxd8 {[%emt 0:00:00]} 22. h3 {[%emt 0:00:01]} Qd4 {[%emt 0:00:02]} 23. Qxd4 {[%emt 0:00:04]} Bxd4 {[%emt 0:00:02]} 24. b3 {[%emt 0:00:00]} Bxe5 {[%emt 0:00:01]} 25. Bxe5 {[%emt 0:00:01]} Nd7 {[%emt 0:00:02]} 26. Bd4 {[%emt 0:00:06]} a6 {[%emt 0:00:01]} 27. Be4 {[%emt 0:00:04]} e5 {[%emt 0:00:02]} 28. Be3 {[%emt 0:00:05]} f6 {[%emt 0:00:01]} 29. f4 {[%emt 0:00:03]} Kf7 {[%emt 0:00:04]} 30. Kf2 {[%emt 0:00:02]} Ke7 {[%emt 0:00:01]} 31. g3 {[%emt 0:00:06]} Kd6 {[%emt 0:00:02]} 32. Bg2 {[%emt 0:00:03]} exf4 {[%emt 0:00:02]} 33. Bxf4+ {[%emt 0:00:02]} Ne5 {[%emt 0:00:01]} 34. Ke3 {[%emt 0:00:01]} b6 {[%emt 0:00:04]} 35. Kd4 {[%emt 0:00:04]} Bd7 {[%emt 0:00:04]} 36. Bb7 {[%emt 0:00:02]} a5 {[%emt 0:00:02]} 37. Bd5 {[%emt 0:00:04] Time (Lag: Av=0.42s, max=1.1s)} 1-0